02187agaaa2200313 45000010005000000030009000050050017000140070009000310080040000400400023000800410013001031000049001161300031001652450247001962500022004432600124004653000034005895080216006235110092008395200531009315380016014625460013014786500057014917000061015487000061016097000067016707000059017377000077017969442IT-RoPAU20220918181229.0d cvaizq50131s9999||||xx ||| | || ||und|| aIT-RoPAUcIT-RoPAU aITALIANO aCorbucci SergiogCodice regista SPICS: 38728 aTRE TIGRI CONTRO TRE TIGRI aTRE TIGRI CONTRO TRE TIGRIcProdotto da: Infascelli R. Lucisa -- Sceneggiatura: Amendola M. Corbucci S. Guerrini G. Ponzoni C. Pozzetto R. Pipol -- Diretto da: Corbucci SergiopTRE TIGRI CONTRO TRE TIGRI (Rif. Codice opera principale : H9442) aEdizione Standard a(ITALIA)bITALIAN INTERNATIONAL FILM - PRIMEX / Distribuzione: RICORDIg"1977 (1° ed.: 2010 ; Ed. Lingua Orig.: 1977)" aDVDbsonoro, col.c110 minuti a"Fotografia: Gatti M. Loffredo E.; Montaggio: Salfa Amedeo; Musica: De Angelis Guido; Sceneggiatura: Amendola M. Corbucci S. Guerrini G. Ponzoni C. Pozzetto R. Pipol; Soggetto: Amendola Mario -- Corbucci Sergio" a"Pozzetto Renato; Ponzoni Cochi; Montesano Enrico; Di; Lazzaro Dalila; Villaggio Paolo" aFILM A EPISODI. PRIMO EPISODIO: UN PARROCO DI CAMPAGNA NON HA MOLTO SEGUITO TRA I SUOI PARROCCHIANI, MA QUANDO SI SPARGE LA VOCE CHE HA SEDOTTO UNA BELLA STRANIERA, DIVENTA L'EROE DEL PAESE. SECONDO EPISODIO: UN'AFFASCINANTECONTESSA VORREBBE RICOMPENSARE UN GIOVANE NON MOLTO SVEGLIO PER AVERLE SISTEMATO LA MACCHINA IN PANNE, MA NON SARA' FACILE... TERZO EPISODIO: UN AVVOCATO INCARICATO DALLO STUDIO DI SEGUIRE UNA RICCA E BRUTTISSIMA CLIENTE, DOVRA' ASSECONDARE LE SUE VOGLIE DURANTE UN VOLO SU UN PICCOLO AEREO DA TURISMO. aPAL, STEREO aITALIANO aCOMMEDIAeDVD-FILM [DVD]xCodice MATERIA SPICS: 9947 aAmendola Mario e(soggetto)gCodice Soggetto SPICS: 9933 aCorbucci Sergio e(regista)gCodice regista SPICS: 38728 aCorbucci Sergio e(soggetto)gCodice Soggetto 2° SPICS: 38728 aDe Angelis Guidoe(musica)gCodice Musica SPICS: 10854 aVanzina Stefano (=Steno)e(regista)gCodice secondo regista SPICS: 14505